000 00533 a2200181 4500
003 OSt
005 20260307144113.0
008 260307b |||||||| |||| 00| 0 eng d
020 _a9789364876100
040 _coclc
082 _a894.8123
_bAKH/R
100 1 _aDharmajan, Akhil Pi.,
_d1993-
_99966
245 _aRATHRI PANTHRANDINU SESHAM /
_cAkhil P. Dharmajan
250 _a11th Ed.
260 _aKottayam:
_bD C Books.
_c2025,
300 _a304 pages
942 _2ddc
_cBK
_h894.8123
_iAKH/R
_k894.8123
_mAKH/R
999 _c44678
_d44678